000 00820nam a2200289 a 4500
008
020 _a0256116997 (hbk.)
049 _aMAIN
090 _aHD31
_bROB
100 1 _aRobey, Daniel.
245 1 0 _aDesigning organizations /
_cDaniel Robey and Carol A. Sales.
250 _a4th ed.
260 _aBurr Ridge :
_bIrwin,
_cc1994.
300 _axviii, 536 p. :
_bill. ;
_c24 cm.
500 _aIncludes index.
504 _aIncludes bibliographical references.
650 0 _aManagement.
650 0 _aDecision making.
650 0 _aOrganizational change.
650 0 _aOrganizational behavior.
700 1 _aSales, Carol A.
907 _a.b10009875
_b19-10-12
_c17-04-03
003
005 20230123133912.0
040 _cNUST
942 _cBOOKS
_kHD31
_mROB
999 _c156599
_d156599